000 00825nam a22002654a 4500
008
020 _a9780443100616 (pbk.)
049 _aMAIN
090 _aRC71.5
_bRAF
100 1 _aRaftery, Andrew T.
245 1 0 _aChurchill's pocketbook of differential diagnosis /
_cAndrew T. Raftery and Eric Lim.
250 _a2nd ed.
260 _aEdinburgh :
_bElsevier Churchill Livingstone,
_c2005.
300 _axi, 503 p. ;
_c19 cm.
440 0 _aChurchill's pocketbooks.
500 _aIncludes index.
650 0 _aDiagnosis, Differential
_vHandbooks, manuals, etc.
650 1 2 _aDiagnosis, Differential
_vHandbooks.
700 _aLim Eric.
907 _a.b10289434
_b16-08-11
_c12-01-11
003
005 20230120204042.0
040 _cNUST
942 _cBOOKS
_kRC71.5
_mRAF
999 _c116266
_d116266